<?xml version="1.0" encoding="UTF-8"?>
<record
    xmlns:xsi="http://www.w3.org/2001/XMLSchema-instance"
    xsi:schemaLocation="http://www.loc.gov/MARC21/slim http://www.loc.gov/standards/marcxml/schema/MARC21slim.xsd"
    xmlns="http://www.loc.gov/MARC21/slim">

  <leader>02035cam a2200289 a 4500</leader>
  <controlfield tag="003">OSt</controlfield>
  <controlfield tag="005">20211008133508.0</controlfield>
  <controlfield tag="008">120918s2012    ck abd  r     000 0 spa d</controlfield>
  <datafield tag="020" ind1=" " ind2=" ">
    <subfield code="a">9789587165227</subfield>
  </datafield>
  <datafield tag="040" ind1=" " ind2=" ">
    <subfield code="a">CO-BoPUJ</subfield>
    <subfield code="c">CO-JMCR</subfield>
  </datafield>
  <datafield tag="041" ind1="0" ind2=" ">
    <subfield code="a">spa</subfield>
  </datafield>
  <datafield tag="082" ind1="0" ind2="4">
    <subfield code="a">338.17373098</subfield>
    <subfield code="b">S192c</subfield>
    <subfield code="2">23</subfield>
  </datafield>
  <datafield tag="100" ind1="1" ind2=" ">
    <subfield code="a">Samper, Mario, </subfield>
    <subfield code="e">editor</subfield>
    <subfield code="9">41053</subfield>
  </datafield>
  <datafield tag="245" ind1="0" ind2="0">
    <subfield code="a">Crisis y transformaciones del mundo del caf&#xE9; : </subfield>
    <subfield code="b">din&#xE1;micas locales y estrategias nacionales en un periodo de adversidad e incertidumbre /</subfield>
    <subfield code="c">editores Mario Samper K. y Steven Topik</subfield>
  </datafield>
  <datafield tag="250" ind1=" " ind2=" ">
    <subfield code="a">primera edici&#xF3;n </subfield>
  </datafield>
  <datafield tag="260" ind1=" " ind2=" ">
    <subfield code="a">Bogot&#xE1; : </subfield>
    <subfield code="b">Editorial Pontificia Universidad Javeriana, </subfield>
    <subfield code="c">2012.</subfield>
  </datafield>
  <datafield tag="300" ind1=" " ind2=" ">
    <subfield code="a">329 p&#xE1;ginas : </subfield>
    <subfield code="b">ilustraciones, diagramas, cuadros y mapas ; </subfield>
    <subfield code="c">24 cm.</subfield>
  </datafield>
  <datafield tag="504" ind1=" " ind2=" ">
    <subfield code="a">Incluye referencias bibliogr&#xE1;ficas.</subfield>
  </datafield>
  <datafield tag="505" ind1="0" ind2=" ">
    <subfield code="t">Estrategias adaptativas de la caficultura colombiana. -- Balas y tinto: conflicto armado en la zona cafetera colombiana. -- Los andes de Venezuela: las ra&#xED;ces de la evoluci&#xF3;n reciente de una de las m&#xE1;s antiguas caficulturas del mundo latinoamericano. -- La respuesta de Brasil a la suspensi&#xF3;n de las cl&#xE1;usulas econ&#xF3;micas de los convenios internacionales del caf&#xE9;, 1989-2009. -- Per&#xFA;, un nuevo gran actor de la caficultura latinoamericana. -- Veinte a&#xF1;os de crisis del caf&#xE9; en M&#xE9;xico. --Mejora de la posici&#xF3;n del caf&#xE9; de baja altitud en Am&#xE9;rica Central. -- Caen barreras: la producci&#xF3;n cafetera guatemalteca y el impulso hacia caf&#xE9; premium, 1989-2005. -- La respuesta de Costa Rica a la crisis cafetera. -- Cooperativas y relaciones de g&#xE9;nero en Nicaragua: una respuesta desigual a la crisis de caf&#xE9;.</subfield>
  </datafield>
  <datafield tag="650" ind1="1" ind2="4">
    <subfield code="a">Industria del caf&#xE9;</subfield>
    <subfield code="z">Am&#xE9;rica Latina</subfield>
    <subfield code="9">41054</subfield>
  </datafield>
  <datafield tag="650" ind1="2" ind2="4">
    <subfield code="a">Caf&#xE9;</subfield>
    <subfield code="x">Aspectos sociales</subfield>
    <subfield code="z">Am&#xE9;rica Latina</subfield>
    <subfield code="9">41055</subfield>
  </datafield>
  <datafield tag="650" ind1="2" ind2="4">
    <subfield code="a">Trabajadores del caf&#xE9;</subfield>
    <subfield code="x">Condiciones sociales</subfield>
    <subfield code="z">Am&#xE9;rica Latina</subfield>
    <subfield code="9">41056</subfield>
  </datafield>
  <datafield tag="650" ind1="2" ind2="4">
    <subfield code="a">Conflicto armado</subfield>
    <subfield code="z">Colombia</subfield>
    <subfield code="9">8340</subfield>
  </datafield>
  <datafield tag="700" ind1="1" ind2=" ">
    <subfield code="a">Topik, Steven</subfield>
    <subfield code="e">editor</subfield>
    <subfield code="9">41057</subfield>
  </datafield>
  <datafield tag="856" ind1="4" ind2="0">
    <subfield code="z">Para consultar el texto completo presione aqu&#xED;</subfield>
    <subfield code="u">http://hdl.handle.net/10554/41327</subfield>
  </datafield>
  <datafield tag="942" ind1=" " ind2=" ">
    <subfield code="2">ddc</subfield>
    <subfield code="c">BK</subfield>
  </datafield>
  <datafield tag="999" ind1=" " ind2=" ">
    <subfield code="c">12644</subfield>
    <subfield code="d">12644</subfield>
  </datafield>
  <datafield tag="952" ind1=" " ind2=" ">
    <subfield code="0">0</subfield>
    <subfield code="1">0</subfield>
    <subfield code="2">ddc</subfield>
    <subfield code="4">0</subfield>
    <subfield code="7">0</subfield>
    <subfield code="a">CPL</subfield>
    <subfield code="b">CPL</subfield>
    <subfield code="c">GEN</subfield>
    <subfield code="d">2018-04-15</subfield>
    <subfield code="e">Donaci&#xF3;n</subfield>
    <subfield code="o">338.17373098 / S192c</subfield>
    <subfield code="p">430004012</subfield>
    <subfield code="r">2024-05-16 00:00:00</subfield>
    <subfield code="t">Ej.1</subfield>
    <subfield code="w">2021-03-10</subfield>
    <subfield code="y">BK</subfield>
  </datafield>
  <datafield tag="952" ind1=" " ind2=" ">
    <subfield code="0">0</subfield>
    <subfield code="1">0</subfield>
    <subfield code="2">ddc</subfield>
    <subfield code="4">0</subfield>
    <subfield code="7">0</subfield>
    <subfield code="a">CPL</subfield>
    <subfield code="b">CPL</subfield>
    <subfield code="c">GEN</subfield>
    <subfield code="d">2018-04-15</subfield>
    <subfield code="e">Donaci&#xF3;n</subfield>
    <subfield code="l">0</subfield>
    <subfield code="o">338.17373098 / S192c</subfield>
    <subfield code="p">430004011</subfield>
    <subfield code="r">2024-05-16 00:00:00</subfield>
    <subfield code="t">Ej.2</subfield>
    <subfield code="w">2021-03-10</subfield>
    <subfield code="y">BK</subfield>
  </datafield>
</record>
